<?xml version="1.0" encoding="UTF-8"?><?xml-stylesheet type="text/xsl" href="static/style.xsl"?><OAI-PMH xmlns="http://www.openarchives.org/OAI/2.0/" xmlns:xsi="http://www.w3.org/2001/XMLSchema-instance" xsi:schemaLocation="http://www.openarchives.org/OAI/2.0/ http://www.openarchives.org/OAI/2.0/OAI-PMH.xsd"><responseDate>2026-04-13T07:30:30Z</responseDate><request verb="GetRecord" identifier="oai:www.recercat.cat:10256/22451" metadataPrefix="marc">https://recercat.cat/oai/request</request><GetRecord><record><header><identifier>oai:recercat.cat:10256/22451</identifier><datestamp>2024-06-18T11:51:40Z</datestamp><setSpec>com_2072_452955</setSpec><setSpec>com_2072_2054</setSpec><setSpec>col_2072_453063</setSpec></header><metadata><record xmlns="http://www.loc.gov/MARC21/slim" xmlns:dcterms="http://purl.org/dc/terms/" xmlns:xsi="http://www.w3.org/2001/XMLSchema-instance" xmlns:doc="http://www.lyncode.com/xoai" xsi:schemaLocation="http://www.loc.gov/MARC21/slim http://www.loc.gov/standards/marcxml/schema/MARC21slim.xsd">
   <leader>00925njm 22002777a 4500</leader>
   <datafield ind2=" " ind1=" " tag="042">
      <subfield code="a">dc</subfield>
   </datafield>
   <datafield ind2=" " ind1=" " tag="720">
      <subfield code="a">Bachagha, Tarek</subfield>
      <subfield code="e">author</subfield>
   </datafield>
   <datafield ind2=" " ind1=" " tag="720">
      <subfield code="a">Suñol Martínez, Joan Josep</subfield>
      <subfield code="e">author</subfield>
   </datafield>
   <datafield ind2=" " ind1=" " tag="260">
      <subfield code="c">2023-01-05</subfield>
   </datafield>
   <datafield ind2=" " ind1=" " tag="520">
      <subfield code="a">Heusler alloy research has increased considerably in recent years. This is mostly due to their strong desire to develop future smart device applications. However, many limiting variables remain for researchers to overcome in order to enhance their functional properties. The poor mechanical properties of these alloys restrict their use as solid-state cooling materials in magnetic refrigeration devices. A promising strategy, resulting in novel compounds with better mechanical properties and substantial magnetocaloric effects, is favoring the d-d hybridization with transition-metal elements to replace p-d hybridization. The term given to these materials is "all-d-metal". In light of recent experimental results of the magnetocaloric effect and the increased mechanical characteristics in these alloys (with complex crystallographic behavior due to off-stoichiometry and disorder), a review of this advanced functional behavior is offered. Moreover, the impact of the substitution of transition metal for the p-group to increase mechanical ductility and considerable magnetocaloric effects has also been addressed. These Heusler alloys are a potential new class of materials for technological applications because of their optimum functional behavior. Finally, we highlighted the potential challenges and unsolved issues in order to guide future studies on this topic</subfield>
   </datafield>
   <datafield ind2=" " ind1=" " tag="520">
      <subfield code="a">This study was funded by the University of Girona PONT2020-01 and Mineco Spain MAT2016-75967-P projects</subfield>
   </datafield>
   <datafield ind1="8" ind2=" " tag="024">
      <subfield code="a">http://hdl.handle.net/10256/22451</subfield>
   </datafield>
   <datafield tag="653" ind2=" " ind1=" ">
      <subfield code="a">Aliatges</subfield>
   </datafield>
   <datafield tag="653" ind2=" " ind1=" ">
      <subfield code="a">Alloys</subfield>
   </datafield>
   <datafield tag="653" ind2=" " ind1=" ">
      <subfield code="a">Aliatges amb memòria de forma</subfield>
   </datafield>
   <datafield tag="653" ind2=" " ind1=" ">
      <subfield code="a">Shape memory alloys</subfield>
   </datafield>
   <datafield tag="653" ind2=" " ind1=" ">
      <subfield code="a">Metalls -- Aliatges</subfield>
   </datafield>
   <datafield tag="653" ind2=" " ind1=" ">
      <subfield code="a">Metals -- Alloys</subfield>
   </datafield>
   <datafield ind2="0" ind1="0" tag="245">
      <subfield code="a">All-d-metal Heusler alloys: a review</subfield>
   </datafield>
</record></metadata></record></GetRecord></OAI-PMH>